00234nam a2200097Ia 4500008004100000100000900041245003900050260002300089942000700112999001700119190216s9999||||xx |||||||||||||| ||und|| aNull 0aHindi-Visanganaom Ki Jeevan Mrithi bChintha Publishers cBK c18513d18513